Harry Styles Quiz - Statistics

General Stats
  • This quiz has been taken 1,132 times
    1,126 since last reset
  • The average score is 9 of 15
Answer Stats
questions Answer % Correct
how old was harry when he auditioned 16
85%
what was his first song released? sign of the times
84%
what show did he audition for? the x factor
83%
what is his sisters name? (first name only) Gemma
82%
harry and louis names combined (first and last) larry stylinson
82%
name of his most recent album (quiz made in 2021) fine line
81%
harry and zayn's name combined (only first) zarry
76%
what band was he in before one direction? White Eskimo
74%
what is harry's favourite colour? orange
70%
harry and liams names combined (only first) lirry
58%
harry and niall's names combined (first and last) narry storan
55%
what sport did he sneak out of hotels to play with niall while they were on tour? golf
45%
where was he born? Redditch
28%
when is his birthday? february 1, 1994
25%
what is his favourite animal? cats
16%
No matching quizzes found
Score Distribution
Percent of People with Each Score
Percentile by Number Answered
Your Score History
You have not taken this quiz since the last reset